[Event "Red Deer op"]
[Site "Red Deer CAN"]
[Date "2013.01.26"]
[Round "2"]
[White "Scholz, Mike"]
[Black "Bentley, Bill"]
[Result "0-1"]
[WhiteElo "1444"]
[BlackElo "1849"]
[PlyCount "102"]
[GameId "2160767909381928"]
[EventDate "2013.01.26"]
[EventType "swiss"]
[EventRounds "5"]
[EventCountry "CAN"]
[SourceTitle "EXT 2022"]
[Source "ChessBase"]
[SourceDate "2021.10.06"]
[SourceVersion "1"]
[SourceVersionDate "2021.10.06"]
[SourceQuality "1"]

1. c4 e6 2. e4 d5 3. exd5 exd5 4. Qe2+ Be7 5. cxd5 Qxd5 6. Qb5+ Qxb5 7. Bxb5+ c6 8. Bc4 Nf6 9. Nf3 O-O 10. O-O Nbd7 11. Nc3 Nb6 12. Bb3 Bf5 13. d4 Rad8 14. Bf4 Nfd5 15. Be5 Rfe8 16. Rfe1 Kh8 17. a3 a6 18. Bg3 Kg8 19. Re5 Be6 20. Rae1 Bf6 21. R5e4 Kf8 22. Nxd5 Nxd5 23. Bxd5 Rxd5 24. b4 Red8 25. Bc7 R8d7 26. Bb6 g6 27. Rxe6 fxe6 28. Rxe6 Kf7 29. Re4 Re7 30. Rxe7+ Kxe7 31. Kf1 Ke6 32. g4 h5 33. h3 hxg4 34. hxg4 Rd7 35. Kg2 Kd5 36. Kg3 Rf7 37. a4 Be7 38. Ne5 Bd6 39. f4 Bxe5 40. dxe5 Ke4 41. e6 Re7 42. f5 gxf5 43. gxf5 Kxf5 44. Bc5 Rxe6 45. a5 Ke4 46. Kg4 Rg6+ 47. Kh5 Rg2 48. Kh6 Kd5 49. Kh7 Kc4 50. Kh6 Rb2 51. Kg6 Rxb4 0-1

[Event "Red Deer op"]
[Site "Red Deer CAN"]
[Date "2013.01.26"]
[Round "2"]
[White "Sequillion, Aaron"]
[Black "Gold, Itohan"]
[Result "1-0"]
[WhiteElo "2080"]
[BlackElo "2010"]
[PlyCount "67"]
[GameId "2160767909381929"]
[EventDate "2013.01.26"]
[EventType "swiss"]
[EventRounds "5"]
[EventCountry "CAN"]
[SourceTitle "EXT 2022"]
[Source "ChessBase"]
[SourceDate "2021.10.06"]
[SourceVersion "1"]
[SourceVersionDate "2021.10.06"]
[SourceQuality "1"]

1. e4 c5 2. Nf3 d6 3. d4 cxd4 4. Nxd4 Nf6 5. Nc3 a6 6. Be3 Ng4 7. Bg5 h6 8. Bh4 g5 9. Bg3 Bg7 10. Be2 h5 11. Nf5 Bxf5 12. exf5 Qa5 13. O-O Qxf5 14. Nd5 Nc6 15. Nc7+ Kd7 16. Nxa8 Rxa8 17. c3 e5 18. h3 Nf6 19. Qb3 Nd8 20. Rad1 h4 21. Bh2 Ke7 22. Qb4 Ne8 23. Bg4 Qg6 24. Rfe1 f6 25. c4 Kf7 26. c5 f5 27. Be2 Bf8 28. Bc4+ Kg7 29. cxd6 f4 30. Qc3 Nxd6 31. Rxe5 Kh6 32. Bd3 Qg8 33. Rxg5 Kxg5 34. Qe5+ 1-0

[Event "Red Deer op"]
[Site "Red Deer CAN"]
[Date "2013.01.26"]
[Round "2"]
[White "Taranik, Alexey"]
[Black "Daher, Nayef"]
[Result "1/2-1/2"]
[WhiteElo "1466"]
[BlackElo "1804"]
[PlyCount "76"]
[GameId "2160767909381930"]
[EventDate "2013.01.26"]
[EventType "swiss"]
[EventRounds "5"]
[EventCountry "CAN"]
[SourceTitle "EXT 2022"]
[Source "ChessBase"]
[SourceDate "2021.10.06"]
[SourceVersion "1"]
[SourceVersionDate "2021.10.06"]
[SourceQuality "1"]

1. Nf3 d5 2. c4 dxc4 3. Na3 Nc6 4. Nxc4 Qd5 5. d3 Bg4 6. Ne3 Qh5 7. Nxg4 Qxg4 8. Qb3 Qb4+ 9. Bd2 Qxb3 10. axb3 e6 11. g3 Bd6 12. Bg2 Nge7 13. O-O O-O 14. Rfe1 Nd5 15. Kf1 Rfd8 16. Bc3 a5 17. Nd4 Ncb4 18. Nb5 c6 19. Nxd6 Rxd6 20. Bxd5 Nxd5 21. Rxa5 Rdd8 22. Rea1 Rxa5 23. Rxa5 Nxc3 24. bxc3 g6 25. h4 f5 26. Ra7 Rd7 27. b4 Kf7 28. Ke1 Ke7 29. Kd2 Kd6 30. c4 Kc7 31. Kc3 Kb6 32. Ra5 Kc7 33. e3 Kd6 34. Ra7 Ke5 35. f3 Kf6 36. f4 h6 37. d4 g5 38. hxg5+ hxg5 1/2-1/2

[Event "Red Deer op"]
[Site "Red Deer CAN"]
[Date "2013.01.26"]
[Round "2"]
[White "Zeggelaar, Mike"]
[Black "Beaudry, Lukas"]
[Result "0-1"]
[WhiteElo "1989"]
[BlackElo "2081"]
[PlyCount "108"]
[GameId "2160767909381931"]
[EventDate "2013.01.26"]
[EventType "swiss"]
[EventRounds "5"]
[EventCountry "CAN"]
[SourceTitle "EXT 2022"]
[Source "ChessBase"]
[SourceDate "2021.10.06"]
[SourceVersion "1"]
[SourceVersionDate "2021.10.06"]
[SourceQuality "1"]

1. e4 c5 2. d4 cxd4 3. c3 d3 4. Bxd3 d6 5. c4 Nf6 6. h3 Nc6 7. Nf3 g6 8. O-O Bg7 9. Nc3 O-O 10. Be3 b6 11. Rc1 Bb7 12. Qe2 Rc8 13. Rfd1 Nd7 14. Bb1 Nce5 15. Nxe5 Nxe5 16. b3 Nd7 17. Bf4 a6 18. f3 b5 19. Nd5 bxc4 20. Rxc4 Bxd5 21. exd5 Rxc4 22. Qxc4 Qb6+ 23. Kh1 Ne5 24. Bxe5 Bxe5 25. f4 Bf6 26. Qc6 Qf2 27. Qxa6 Qxf4 28. Qf1 Qg5 29. Qf3 Rc8 30. Qg4 Rc1 31. Qf3 Qd2 32. Rf1 Rc3 33. Qd1 Qg5 34. Qg4 Qxd5 35. Be4 Qe5 36. Rd1 Re3 37. Bf3 h5 38. Qc8+ Kg7 39. Qc1 Rc3 40. Qd2 Qg3 41. Qe1 Qf4 42. Qe4 Qg5 43. Rd5 Be5 44. Rxe5 Qxe5 45. Qxe5+ dxe5 46. Bd5 Rc2 47. a4 Ra2 48. Kg1 f5 49. Kf1 e4 50. Bc6 Kf6 51. b4 Ke5 52. a5 Kd6 53. Bb7 Kc7 54. a6 Kb6 0-1

[Event "Red Deer op"]
[Site "Red Deer CAN"]
[Date "2013.01.26"]
[Round "3"]
[White "Beaudry, Lukas"]
[Black "Sequillion, Aaron"]
[Result "1/2-1/2"]
[WhiteElo "2081"]
[BlackElo "2080"]
[PlyCount "66"]
[GameId "2160767909381932"]
[EventDate "2013.01.26"]
[EventType "swiss"]
[EventRounds "5"]
[EventCountry "CAN"]
[SourceTitle "EXT 2022"]
[Source "ChessBase"]
[SourceDate "2021.10.06"]
[SourceVersion "1"]
[SourceVersionDate "2021.10.06"]
[SourceQuality "1"]

1. e4 c5 2. Nf3 d6 3. Bb5+ Bd7 4. Bxd7+ Qxd7 5. O-O Nc6 6. c3 Nf6 7. Re1 e6 8. d4 cxd4 9. cxd4 d5 10. exd5 Nxd5 11. Nc3 Be7 12. a3 O-O 13. Qd3 h6 14. Bd2 Rac8 15. Rad1 Nxc3 16. Bxc3 Rfd8 17. Rd2 Bf6 18. b4 Ne7 19. Bb2 a6 20. Red1 b5 21. Ne1 Nd5 22. Qf3 Qa7 23. Nc2 a5 24. bxa5 Qxa5 25. Ne3 Qa4 26. Ng4 Bg5 27. Rd3 Rc2 28. Rb3 Rdc8 29. g3 Ne3 30. Rb4 Qxb4 31. axb4 Nxd1 32. h4 Nxb2 33. hxg5 hxg5 1/2-1/2

[Event "Red Deer op"]
[Site "Red Deer CAN"]
[Date "2013.01.26"]
[Round "3"]
[White "Bentley, Bill"]
[Black "Rekhson, Vladislav"]
[Result "0-1"]
[WhiteElo "1849"]
[BlackElo "2189"]
[PlyCount "63"]
[GameId "2160767909381933"]
[EventDate "2013.01.26"]
[EventType "swiss"]
[EventRounds "5"]
[EventCountry "CAN"]
[SourceTitle "EXT 2022"]
[Source "ChessBase"]
[SourceDate "2021.10.06"]
[SourceVersion "1"]
[SourceVersionDate "2021.10.06"]
[SourceQuality "1"]

1. d4 Nf6 2. c4 c5 3. d5 b5 4. Qc2 bxc4 5. e4 d6 6. Bxc4 g6 7. Nc3 Bg7 8. Nf3 O-O 9. h3 Nbd7 10. Bf4 Nh5 11. Bh2 f5 12. O-O fxe4 13. Qxe4 Nb6 14. Rad1 Nxc4 15. Qxc4 Bxh3 16. Ng5 Bd7 17. Rfe1 Rb8 18. Qe2 Bf6 19. Ne6 Bxe6 20. Qxe6+ Kh8 21. Re2 Qc8 22. Qxc8 Rfxc8 23. g4 Ng7 24. Bf4 Rb4 25. Ne4 Bxb2 26. Bg5 Rc7 27. Bd2 Rb8 28. Ng5 Bf6 29. Ne4 Be5 30. Ba5 Rcb7 31. Nxc5 Rb1 32. Kg2 0-1

[Event "Red Deer op"]
[Site "Red Deer CAN"]
[Date "2013.01.26"]
[Round "3"]
[White "Chaisson, Terry"]
[Black "Harris, Adam"]
[Result "1-0"]
[WhiteElo "1830"]
[BlackElo "1772"]
[PlyCount "80"]
[GameId "2160767909381934"]
[EventDate "2013.01.26"]
[EventType "swiss"]
[EventRounds "5"]
[EventCountry "CAN"]
[SourceTitle "EXT 2022"]
[Source "ChessBase"]
[SourceDate "2021.10.06"]
[SourceVersion "1"]
[SourceVersionDate "2021.10.06"]
[SourceQuality "1"]

1. e4 c5 2. Nc3 d6 3. d3 Nf6 4. f4 Nc6 5. Nf3 g6 6. h3 Nh5 7. Ne2 Bg7 8. g4 Nf6 9. Bg2 Qb6 10. c3 c4 11. Nfd4 cxd3 12. Qxd3 Bd7 13. Rb1 Rc8 14. Be3 Qa5 15. O-O O-O 16. Rfc1 Rfd8 17. a3 e5 18. Nf3 d5 19. exd5 Qxd5 20. Nxe5 Qxd3 21. Nxd3 Bxg4 22. Nd4 Nxd4 23. Bxd4 Bf5 24. Rd1 b6 25. Rbc1 Nh5 26. Bxg7 Kxg7 27. Nf2 Nxf4 28. Bf1 h5 29. Kh2 Nd5 30. Re1 Re8 31. Bg2 Ne3 32. Bf3 Nc4 33. b3 Nxa3 34. Rxe8 Rxe8 35. Ra1 Re3 36. Kg2 Nc2 37. Nd1 Rxf3 38. Rxa7 Rd3 39. Nb2 Rxc3 40. Nc4 Ne3+ 1-0

[Event "Red Deer op"]
[Site "Red Deer CAN"]
[Date "2013.01.26"]
[Round "3"]
[White "Gold, Itohan"]
[Black "Taranik, Alexey"]
[Result "1-0"]
[WhiteElo "2010"]
[BlackElo "1466"]
[PlyCount "62"]
[GameId "2160767909381935"]
[EventDate "2013.01.26"]
[EventType "swiss"]
[EventRounds "5"]
[EventCountry "CAN"]
[SourceTitle "EXT 2022"]
[Source "ChessBase"]
[SourceDate "2021.10.06"]
[SourceVersion "1"]
[SourceVersionDate "2021.10.06"]
[SourceQuality "1"]

1. e4 e6 2. d4 d5 3. Nc3 Nf6 4. e5 Nfd7 5. f4 c5 6. Nf3 Nc6 7. Ne2 a6 8. c4 Nb6 9. cxd5 Nxd5 10. Nc3 cxd4 11. Nxd4 Nxc3 12. bxc3 Qc7 13. Be3 Bd7 14. Be2 Be7 15. O-O O-O 16. Kh1 f6 17. exf6 Bxf6 18. Rc1 Rae8 19. Nb3 Kh8 20. Nc5 Bc8 21. Bd3 g6 22. Ne4 Bg7 23. Ng5 Ne7 24. Qe1 Nf5 25. Bxf5 exf5 26. Qh4 Bf6 27. Bd4 Qg7 28. Bxf6 Rxf6 29. Nxh7 Qxh7 30. Qxf6+ Qg7 31. Qxg7+ Kxg7 1-0

[Event "Red Deer op"]
[Site "Red Deer CAN"]
[Date "2013.01.27"]
[Round "4"]
[White "Harris, Adam"]
[Black "Beaudry, Lukas"]
[Result "0-1"]
[WhiteElo "1772"]
[BlackElo "2081"]
[PlyCount "50"]
[GameId "2160767909381937"]
[EventDate "2013.01.26"]
[EventType "swiss"]
[EventRounds "5"]
[EventCountry "CAN"]
[SourceTitle "EXT 2022"]
[Source "ChessBase"]
[SourceDate "2021.10.06"]
[SourceVersion "1"]
[SourceVersionDate "2021.10.06"]
[SourceQuality "1"]

1. e4 c5 2. Nf3 d6 3. d4 cxd4 4. Nxd4 Nf6 5. Nc3 Nc6 6. g3 g6 7. Bg2 Bg7 8. O-O O-O 9. h3 Bd7 10. Be3 Rc8 11. f4 Na5 12. Nd5 Nc4 13. Bc1 e5 14. Ne2 Nxd5 15. Qxd5 Qb6+ 16. Kh2 Ne3 17. Bxe3 Qxe3 18. Nc3 exf4 19. Rf3 fxg3+ 20. Kh1 Qh6 21. Qxd6 Bxh3 22. Rxg3 Be6+ 23. Kg1 Rfd8 24. Qe7 Bd4+ 25. Kf1 Bc4+ 0-1

[Event "Red Deer op"]
[Site "Red Deer CAN"]
[Date "2013.01.27"]
[Round "4"]
[White "Jawad, Atheer"]
[Black "Bentley, Bill"]
[Result "1-0"]
[WhiteElo "1653"]
[BlackElo "1849"]
[PlyCount "53"]
[GameId "2160767909381938"]
[EventDate "2013.01.26"]
[EventType "swiss"]
[EventRounds "5"]
[EventCountry "CAN"]
[SourceTitle "EXT 2022"]
[Source "ChessBase"]
[SourceDate "2021.10.06"]
[SourceVersion "1"]
[SourceVersionDate "2021.10.06"]
[SourceQuality "1"]

1. d4 e6 2. c4 f5 3. Nc3 Nf6 4. Nf3 Bb4 5. Bd2 O-O 6. e3 c6 7. Bd3 d5 8. O-O Bd6 9. Qc2 Ne4 10. a3 Nd7 11. b4 Ndf6 12. b5 Bd7 13. a4 Nxd2 14. Qxd2 Ne4 15. Qc2 Be8 16. Ne5 Rc8 17. bxc6 bxc6 18. f4 Qa5 19. Nxe4 fxe4 20. Be2 c5 21. Bg4 Bf7 22. Nxf7 Kxf7 23. cxd5 Ke7 24. Qxe4 Rf6 25. Bxe6 Rc7 26. Qxh7 Ke8 27. Rab1 1-0

[Event "Red Deer op"]
[Site "Red Deer CAN"]
[Date "2013.01.27"]
[Round "4"]
[White "Sequillion, Aaron"]
[Black "Rekhson, Vladislav"]
[Result "1-0"]
[WhiteElo "2080"]
[BlackElo "2189"]
[PlyCount "61"]
[GameId "2160767909381940"]
[EventDate "2013.01.26"]
[EventType "swiss"]
[EventRounds "5"]
[EventCountry "CAN"]
[SourceTitle "EXT 2022"]
[Source "ChessBase"]
[SourceDate "2021.10.06"]
[SourceVersion "1"]
[SourceVersionDate "2021.10.06"]
[SourceQuality "1"]

1. e4 d5 2. exd5 Qxd5 3. Nc3 Qe5+ 4. Be2 c6 5. d4 Qc7 6. Nf3 Nf6 7. Ne5 e6 8. Bf4 Bd6 9. Bg3 Nbd7 10. f4 Nb6 11. O-O Nbd5 12. Nxd5 exd5 13. Bd3 Qb6 14. Kh1 O-O 15. Bh4 Ne4 16. Nc4 dxc4 17. Bxe4 f5 18. Bf3 Qxb2 19. d5 c5 20. Qe2 Qd4 21. Rad1 Qxf4 22. Bg3 Qh6 23. Bxd6 Qxd6 24. Qxc4 b5 25. Qh4 Bb7 26. Rfe1 Rae8 27. Re6 Rxe6 28. dxe6 Qc7 29. Bxb7 Qxb7 30. Rd8 Qc6 31. Qe7 1-0

[Event "Red Deer op"]
[Site "Red Deer CAN"]
[Date "2013.01.27"]
[Round "4"]
[White "Zeggelaar, Mike"]
[Black "Schech, Roland"]
[Result "0-1"]
[WhiteElo "1989"]
[BlackElo "1657"]
[PlyCount "30"]
[GameId "2160767909381941"]
[EventDate "2013.01.26"]
[EventType "swiss"]
[EventRounds "5"]
[EventCountry "CAN"]
[SourceTitle "EXT 2022"]
[Source "ChessBase"]
[SourceDate "2021.10.06"]
[SourceVersion "1"]
[SourceVersionDate "2021.10.06"]
[SourceQuality "1"]

1. e4 Nf6 2. e5 Nd5 3. c4 Nb6 4. d4 d6 5. f4 dxe5 6. fxe5 e6 7. Nf3 c5 8. Bg5 Be7 9. Bxe7 Qxe7 10. d5 exd5 11. cxd5 O-O 12. Be2 Bg4 13. Nbd2 Nxd5 14. Qb3 Nf4 15. Qe3 Nxg2+ 0-1

[Event "Red Deer op"]
[Site "Red Deer CAN"]
[Date "2013.01.27"]
[Round "5"]
[White "Schech, Roland"]
[Black "Harris, Adam"]
[Result "0-1"]
[WhiteElo "1657"]
[BlackElo "1772"]
[PlyCount "112"]
[GameId "2160767909381942"]
[EventDate "2013.01.26"]
[EventType "swiss"]
[EventRounds "5"]
[EventCountry "CAN"]
[SourceTitle "EXT 2022"]
[Source "ChessBase"]
[SourceDate "2021.10.06"]
[SourceVersion "1"]
[SourceVersionDate "2021.10.06"]
[SourceQuality "1"]

1. b3 Nf6 2. Bb2 d5 3. e3 c5 4. c4 Nc6 5. cxd5 Nxd5 6. Nf3 Bf5 7. d3 Bg4 8. h3 Bh5 9. Be2 e6 10. O-O Nf6 11. Ne5 Bxe2 12. Qxe2 Nxe5 13. Bxe5 Qd5 14. Bxf6 gxf6 15. Nc3 Qc6 16. Ne4 f5 17. Nf6+ Ke7 18. Nh5 Rg8 19. e4 Rd8 20. f4 Rd4 21. exf5 Rxd3 22. f6+ Ke8 23. Kh2 Rd5 24. Ng3 Bd6 25. Rf3 Kd7 26. Ne4 Bc7 27. Rc1 b6 28. b4 Rd4 29. Rd1 Qd5 30. Rxd4 cxd4 31. g3 Kc6 32. a4 Rd8 33. Nf2 h5 34. Nd3 h4 35. Ne5+ Bxe5 36. fxe5 d3 37. Qd1 Qa2+ 38. Kg1 Qe2 39. Qc1+ Kb7 40. Qf1 Qxf1+ 41. Rxf1 d2 42. Rd1 hxg3 43. Kg2 Kc6 44. Kxg3 a5 45. bxa5 bxa5 46. h4 Kc5 47. Kf3 Kc4 48. Ke2 Kc3 49. h5 Rd5 50. Rh1 Kc2 51. Kf3 d1=Q+ 52. Rxd1 Rxd1 53. Kg4 Rg1+ 54. Kh4 Kb3 55. h6 Kxa4 56. Kh5 Kb5 0-1

[Event "Red Deer op"]
[Site "Red Deer CAN"]
[Date "2013.01.27"]
[Round "5"]
[White "Taranik, Alexey"]
[Black "Jawad, Atheer"]
[Result "0-1"]
[WhiteElo "1466"]
[BlackElo "1653"]
[PlyCount "44"]
[GameId "2160767909381943"]
[EventDate "2013.01.26"]
[EventType "swiss"]
[EventRounds "5"]
[EventCountry "CAN"]
[SourceTitle "EXT 2022"]
[Source "ChessBase"]
[SourceDate "2021.10.06"]
[SourceVersion "1"]
[SourceVersionDate "2021.10.06"]
[SourceQuality "1"]

1. Nf3 f5 2. g3 Nf6 3. Bg2 e6 4. O-O Be7 5. d3 O-O 6. Re1 d5 7. Nbd2 Nbd7 8. c4 c6 9. b3 e5 10. Bb2 e4 11. dxe4 fxe4 12. Nd4 Ne5 13. cxd5 cxd5 14. Rc1 Qb6 15. Rf1 Bc5 16. Rxc5 Qxc5 17. Ne6 Bxe6 18. Bxe5 Ng4 19. Bf4 g5 20. Be3 Nxe3 21. fxe3 Qxe3+ 22. Kh1 Bg4 0-1

[Event "Red Deer op"]
[Site "Red Deer CAN"]
[Date "2013.01.27"]
[Round "5"]
[White "Zeggelaar, Mike"]
[Black "Scholz, Mike"]
[Result "1-0"]
[WhiteElo "1989"]
[BlackElo "1444"]
[PlyCount "67"]
[GameId "2160767909381944"]
[EventDate "2013.01.26"]
[EventType "swiss"]
[EventRounds "5"]
[EventCountry "CAN"]
[SourceTitle "EXT 2022"]
[Source "ChessBase"]
[SourceDate "2021.10.06"]
[SourceVersion "1"]
[SourceVersionDate "2021.10.06"]
[SourceQuality "1"]

1. e4 g6 2. d4 Bg7 3. Nc3 Nh6 4. f4 e6 5. Nf3 O-O 6. Be3 d6 7. Qd2 b6 8. O-O-O c6 9. g3 f5 10. e5 d5 11. Be2 Ba6 12. Rdg1 Bxe2 13. Qxe2 Nd7 14. g4 c5 15. g5 Nf7 16. h4 Nh8 17. h5 Rf7 18. Rh2 Bf8 19. Rgh1 c4 20. Rh3 Bb4 21. Qh2 Nf8 22. hxg6 Nhxg6 23. Nh4 Qe7 24. Nxg6 Nxg6 25. Rh6 Rg7 26. Ne2 c3 27. Ng3 Ba3 28. bxa3 Qxa3+ 29. Kd1 Qxa2 30. Rxg6 Qb1+ 31. Bc1 h5 32. Qxh5 Kf7 33. Rxg7+ Kxg7 34. Qh7+ 1-0

[Event "Samedi 2013.09.07"]
[Site "Sainte-Foy CAN"]
[Date "2013.09.28"]
[Round "4"]
[White "Cummins, Paul"]
[Black "Sarra-Bournet, Marc"]
[Result "0-1"]
[WhiteElo "1742"]
[BlackElo "1818"]
[PlyCount "171"]
[GameId "2160767909229506"]
[EventDate "2013.09.07"]
[EventType "swiss"]
[EventRounds "5"]
[EventCountry "CAN"]

1. e4 e5 2. Nf3 Nc6 3. d4 exd4 4. Bc4 Bb4+ 5. c3 dxc3 6. bxc3 Ba5 7. Ba3 Qf6 8. Qd5 Nge7 9. Bxe7 Qxe7 10. O-O O-O 11. Bb5 Bb6 12. Nbd2 Na5 13. Qd3 c6 14. Ba4 d6 15. Bc2 g6 16. Nd4 Bd7 17. Rfe1 c5 18. N4f3 Be6 19. c4 Nc6 20. a3 Rad8 21. Rad1 Ne5 22. Nxe5 dxe5 23. Qb3 Ba5 24. Re2 Bg4 25. f3 Be6 26. Nf1 Rxd1 27. Bxd1 Rd8 28. Ne3 Rd4 29. Nd5 Bxd5 30. exd5 Qd6 31. Re4 Rd2 32. Re2 b6 33. Rxd2 Bxd2 34. Qd3 Bf4 35. g3 Bg5 36. Ba4 h5 37. Bc6 h4 38. Kf2 hxg3+ 39. hxg3 Kg7 40. a4 Qf6 41. Qe4 Bd2 42. Kg2 Bc3 43. Qh4 Qf5 44. Qe4 Qg5 45. Qd3 Qc1 46. d6 Bd4 47. Qf1 Qd2+ 48. Kh1 Bf2 49. d7 Bxg3 50. Qg1 Bh4 51. Qg4 Bd8 52. Qe4 Qd6 53. Qd5 Qxd5 54. Bxd5 Kf8 55. Kg2 Ke7 56. Kg3 f6 57. f4 Kxd7 58. fxe5 Bc7 59. Bf7 Bxe5+ 60. Kf3 g5 61. Kg4 Ke7 62. Bd5 Kd6 63. Bb7 Kc7 64. Ba6 Bd4 65. Kf5 Bc3 66. Kg4 Kd6 67. Kf5 Ke7 68. Bb5 Kf7 69. Bd7 Kg7 70. Be8 Kh6 71. Kg4 a6 72. Bc6 Be5 73. Bb7 b5 74. cxb5 axb5 75. axb5 Kg6 76. Be4+ Kf7 77. Kf5 Ke7 78. Bd5 Kd6 79. Bc4 Kc7 80. Be2 Kb6 81. Ke4 Ka5 82. Kd5 Kb4 83. b6 Bb8 84. Ke6 c4 85. Bxc4 Kxc4 86. Kxf6 0-1

[Event "Samedi 2013.09.07"]
[Site "Sainte-Foy CAN"]
[Date "2013.09.28"]
[Round "4"]
[White "Poliquin, Yvon"]
[Black "Dube, Daniel"]
[Result "1-0"]
[WhiteElo "2014"]
[BlackElo "1850"]
[PlyCount "123"]
[GameId "2160767909229507"]
[EventDate "2013.09.07"]
[EventType "swiss"]
[EventRounds "5"]
[EventCountry "CAN"]

1. e4 b6 2. d4 Bb7 3. Bd3 Nf6 4. f3 d6 5. Ne2 Nbd7 6. Be3 a6 7. O-O e5 8. d5 Be7 9. c4 O-O 10. Ng3 Ne8 11. Qd2 g6 12. Bh6 Ng7 13. Nc3 f6 14. b4 Rf7 15. Nce2 Nf8 16. f4 exf4 17. Nxf4 Bc8 18. Rf2 g5 19. Nfh5 Nxh5 20. Nxh5 Bg4 21. Be2 Qd7 22. Raf1 Bxh5 23. Bxh5 Ng6 24. Bxg5 Qd8 25. Bxg6 hxg6 26. Qf4 f5 27. Bxe7 Qxe7 28. Qh6 Rg7 29. exf5 gxf5 30. Qe6+ Qxe6 31. dxe6 Re8 32. Rxf5 Rxe6 33. g3 Re2 34. R1f2 Re4 35. Rf8+ Kh7 36. R8f4 Re1+ 37. Kg2 Rb1 38. a3 Ra1 39. R2f3 Ra2+ 40. Kh3 Rc2 41. g4 b5 42. cxb5 axb5 43. Kg3 d5 44. Rf5 Rc4 45. h3 c6 46. Rf7 Rxf7 47. Rxf7+ Kg6 48. Rf3 d4 49. Kf4 Kf6 50. Rd3 Rc2 51. Ke4 Kg5 52. Kxd4 Kf4 53. Rc3 Rd2+ 54. Kc5 Re2 55. Kxc6 Re5 56. Rc5 Re3 57. Rf5+ Ke4 58. Kxb5 Rxa3 59. Rh5 Ra8 60. Kc6 Rc8+ 61. Kb7 Rc4 62. b5 1-0

[Event "Samedi 2013.09.07"]
[Site "Sainte-Foy CAN"]
[Date "2013.10.05"]
[Round "5"]
[White "Belanger, Christopher"]
[Black "Caron, Sebastien"]
[Result "0-1"]
[WhiteElo "1538"]
[BlackElo "1955"]
[PlyCount "72"]
[GameId "2160767909229508"]
[EventDate "2013.09.07"]
[EventType "swiss"]
[EventRounds "5"]
[EventCountry "CAN"]

1. e4 c5 2. Nf3 d6 3. d4 cxd4 4. Nxd4 Nf6 5. Nc3 a6 6. f3 b5 7. a3 e6 8. Be3 Qc7 9. Qd2 Bb7 10. a4 b4 11. Na2 d5 12. exd5 Nxd5 13. c3 Qe5 14. Kf2 bxc3 15. bxc3 Bc5 16. Re1 Qc7 17. Nc2 Nxe3 18. Nxe3 O-O 19. Bd3 Nd7 20. Qc2 Nf6 21. Nb4 Qf4 22. h3 Rac8 23. Qe2 Nh5 24. Qd2 Rfd8 25. Nbc2 Ng3 26. Rd1 Ne4+ 27. Bxe4 Rxd2+ 28. Rxd2 Bxe4 29. Nd4 Bd5 30. g3 Qc7 31. Rhd1 h5 32. c4 Bxd4 33. Rxd4 Bc6 34. c5 Rb8 35. Nc4 Bd5 36. Nb6 Qxc5 0-1

[Event "Samedi 2013.09.07"]
[Site "Sainte-Foy CAN"]
[Date "2013.10.05"]
[Round "5"]
[White "Gaudreau, Eric"]
[Black "Poliquin, Yvon"]
[Result "1/2-1/2"]
[WhiteElo "1828"]
[BlackElo "2029"]
[PlyCount "78"]
[GameId "2160767909229509"]
[EventDate "2013.09.07"]
[EventType "swiss"]
[EventRounds "5"]
[EventCountry "CAN"]

1. d4 e6 2. c4 f5 3. Nc3 Nf6 4. f3 Bb4 5. Qc2 Nc6 6. e3 O-O 7. Bd3 d6 8. Bd2 e5 9. d5 Ne7 10. Nh3 Bxc3 11. Bxc3 h6 12. O-O-O Kh8 13. Nf2 b5 14. h3 bxc4 15. Bxc4 Bb7 16. e4 f4 17. Ba5 Qb8 18. Qd3 Nd7 19. b4 Nb6 20. Bb3 Bc8 21. Kb1 Bd7 22. Rc1 Rc8 23. Rhd1 a6 24. Qc2 Ra7 25. Nd3 Be8 26. Qb2 Ng6 27. Qd2 Bb5 28. Nb2 Be8 29. Ka1 Kh7 30. Rc2 Ne7 31. a3 Rd8 32. Qf2 Rb7 33. g3 Ng6 34. g4 Ne7 35. h4 g6 36. g5 h5 37. Rdc1 Rc8 38. Ka2 Bd7 39. Qd2 Na8 1/2-1/2

[Event "Samedi 2013.09.07"]
[Site "Sainte-Foy CAN"]
[Date "2013.10.05"]
[Round "5"]
[White "Laflamme, Simon"]
[Black "Cummins, Paul"]
[Result "0-1"]
[WhiteElo "2090"]
[BlackElo "1742"]
[PlyCount "80"]
[GameId "2160767909229510"]
[EventDate "2013.09.07"]
[EventType "swiss"]
[EventRounds "5"]
[EventCountry "CAN"]

1. d4 Nf6 2. c4 e6 3. Nc3 d5 4. cxd5 exd5 5. Bg5 Be7 6. e3 c6 7. Bd3 Nbd7 8. Qc2 h6 9. Bh4 Nh5 10. Bxe7 Qxe7 11. Nf3 Nf4 12. O-O Nxd3 13. Qxd3 O-O 14. e4 dxe4 15. Nxe4 Nf6 16. Rfe1 Nxe4 17. Rxe4 Qf6 18. Qd2 Be6 19. Rae1 Bd5 20. Rf4 Qd6 21. Ne5 Rae8 22. Re3 Re6 23. Rg3 Rf6 24. Rxf6 Qxf6 25. Nd7 Qf5 26. Qc1 Qxd7 27. Qxh6 f6 28. Qg6 Qf7 29. Qh6 Qe7 30. Re3 gxh6 31. Rxe7 Rf7 32. Rxf7 Kxf7 33. a3 Bc4 34. f3 Ke6 35. Kf2 Kd5 36. Ke3 a5 37. g4 Bb3 38. h4 Bc2 39. Kd2 Bh7 40. Ke3 Kc4 0-1

[Event "Samedi 2013.10.12"]
[Site "Sainte-Foy CAN"]
[Date "2013.10.12"]
[Round "1"]
[White "Biakolo, Lima"]
[Black "Laflamme, Simon"]
[Result "1-0"]
[WhiteElo "1739"]
[BlackElo "1991"]
[PlyCount "115"]
[GameId "2160767909225074"]
[EventDate "2013.10.12"]
[EventType "swiss"]
[EventRounds "5"]
[EventCountry "CAN"]

1. e4 c5 2. Nf3 e6 3. d4 cxd4 4. Nxd4 Nf6 5. Nc3 d6 6. Be3 Nc6 7. f3 Be7 8. Qd2 a6 9. O-O-O Qc7 10. g4 Nd7 11. f4 Nxd4 12. Bxd4 e5 13. Nd5 Qd8 14. Be3 exf4 15. Bxf4 Ne5 16. h3 Be6 17. Nxe7 Kxe7 18. Qb4 f6 19. Bxe5 fxe5 20. Qxb7+ Qd7 21. Qxd7+ Kxd7 22. a3 a5 23. Bb5+ Kc7 24. Rd3 Rac8 25. Rhd1 Rhd8 26. Ba6 Rb8 27. Rc3+ Kb6 28. Bc4 Bxc4 29. Rxc4 Rb7 30. Rc3 Rc7 31. Rcd3 Rc6 32. b3 Rd7 33. Kb2 Kc7 34. Rd5 Ra6 35. c4 a4 36. b4 Rf7 37. c5 Rf2+ 38. Kc3 Rf3+ 39. R1d3 Rxd3+ 40. Kxd3 dxc5 41. Rxc5+ Kd6 42. Ra5 Rxa5 43. bxa5 Kc5 44. a6 Kb6 45. Kc4 Kxa6 46. Kb4 Kb6 47. Kxa4 Kc5 48. Kb3 Kd4 49. a4 Kxe4 50. a5 Kf3 51. a6 Kg3 52. a7 Kxh3 53. a8=Q Kxg4 54. Qg2+ Kf4 55. Qxg7 e4 56. Qxh7 e3 57. Qh4+ Kf3 58. Qe1 1-0